| 000 | 00645cab a2200181 4500 | ||
|---|---|---|---|
| 001 | ##L132557 | ||
| 008 | 060217n2006 000 0 eng u | ||
| 035 | _a(Sirsi) u132557 | ||
| 041 | 0 | _aeng | |
| 100 | _aSeacome, John | ||
| 245 | 0 | 0 |
_aPlanning for permission? _b10 top tips |
| 260 | _c2006 | ||
| 490 | 0 |
_aEstate Agent _vJanuary/February 2006, 24-25(2) |
|
| 520 | _aOffers 10 tips on making planning applications and on faciltating the planning process when considering new premises. | ||
| 590 | _aIKA280206 | ||
| 690 | _aENVIRONMENTAL AND LAND CONSULTANCY-PLANNING AND DEVELOPMENT-DEVELOPMENT CONTROL-PLANNING APPLICATIONS | ||
| 942 | _n0 | ||
| 999 |
_c76492 _d76492 |
||